შეკრებისა და გაერთიანების თავისუფლება / (ბიბ.ჩანაწერი № 59362)
[ მარტივი ფორმატი ]
| 000 -ლიდერი | |
|---|---|
| ფიქსირებული სიგრძის საკონტროლო ველი | 01262nam a22002297a 4500 |
| 003 - საკონტროლო ნომრის იდენტიფიკატორი | |
| საკონტროლო ველი | Ge_BSU |
| 005 - ბოლო ოპერაციის თარიღი და დრო | |
| საკონტროლო ველი | 20230130161112.0 |
| 008 - ფიქსირებული სიგრძის მონაცემთა ელემენტები - ზოგადი ინფორმაცია | |
| ფიქსირებული სიგრძის საკონტროლო ველი | 230130s2004 ge ||||| |||| 00| 0 geo d |
| 020 ## - წიგნის საერთაშორისო სტანდარტული ნომერი | |
| International Standard Book Number | 9994072951 |
| 041 ## - ენის კოდი | |
| Language code of text/sound track or separate title | geo |
| 080 ## - უნივერსალური ათობითი კლასიფიკაციის ინდექსი | |
| Universal Decimal Classification number | 342.729 შ-35 |
| 245 ## - ცნობა სათაურის შესახებ | |
| Title | შეკრებისა და გაერთიანების თავისუფლება / |
| Statement of responsibility, etc | [რედ.: მაია მენაღარიშვილი, ბესარიონ ბოხაშვილი ; თარგმანი რუსუდან ტუშური. |
| 264 ## - წარმოების, გამოცემის, დისტრიბუციის და სხვა ცნობები | |
| გამოცემის, წარმოების, დისტრიბუციის... ადგილი | თბილისი : |
| გამოცემის, წარმოების, დისტრიბუციის... სახელწოდება | საია, |
| გამოცემის, წარმოების, დისტრიბუციის... თარიღი | 2004. |
| 300 ## - ფიზიკური აღწერა | |
| Extent | 160 გვ. ; |
| Other physical details | 20 სმ. |
| 490 ## - სერიის ცნობა | |
| Series statement | ახალგაზრდა იურისტის ბიბლიოთეკა |
| Volume number/sequential designation | 6 |
| 653 ## - INDEX TERM--UNCONTROLLED | |
| Uncontrolled term | შეკრებების თავისუფლება |
| 653 ## - INDEX TERM--UNCONTROLLED | |
| Uncontrolled term | გაერთიანების თავისუფლება |
| 700 ## - ADDED ENTRY--PERSONAL NAME | |
| Personal name | მენაღარიშვილი, მაია |
| Relator term | რედაქტორი |
| 9 (RLIN) | 935 |
| 700 ## - ADDED ENTRY--PERSONAL NAME | |
| Personal name | ბოხაშვილი, ბესარიონ |
| Relator term | რედაქტორი |
| 9 (RLIN) | 6433 |
| 700 ## - ADDED ENTRY--PERSONAL NAME | |
| Personal name | ტუშური, რუსუდან |
| Relator term | მთარგმნელი |
| 9 (RLIN) | 16825 |
| 942 ## - ADDED ENTRY ELEMENTS (KOHA) | |
| Source of classification or shelving scheme | |
| Koha item type | წიგნი |
არაა ხელმისაწვდომი ეგზემპლარები.
